Normal view
MARC view
- Khan, Rasheed Hasan
Entry Personal Name
001 - CONTROL NUMBER
- control field: 14588
003 - CONTROL NUMBER IDENTIFIER
- control field: NUST
005 - DATE AND TIME OF LATEST TRANSACTION
- control field: 20190529060129.0
008 - FIXED-LENGTH DATA ELEMENTS
- fixed length control field: 190529|| aca||aabn | a|a d
040 ## - CATALOGING SOURCE
- Original cataloging agency: NUST
- Transcribing agency: NUST
100 ## - HEADING--PERSONAL NAME
- Personal name: Khan, Rasheed Hasan
670 ## - SOURCE DATA FOUND
- Source citation: Work cat.: (NUST): Khan, Rasheed Hasan, Adabi Taqeeq Mashall aur Tajzia /, 1989.
